[Event "Int. Stuttgarter Stadtmeisterschaft C"]
[Site "Ditzingen"]
[Date "2013.05.11"]
[Round "5.2"]
[White "Fink, Konstantin"]
[Black "Jüttner, Mark"]
[Result "1-0"]
[WhiteElo "1289"]
[BlackElo "1376"]
[PlyCount "93"]
[EventDate "2013.??.??"]
[WhiteTeam "SC Lechhausen"]
[BlackTeam "SpVgg Rommelshausen"]

1. e4 e5 2. Nf3 Nc6 3. Bb5 Nf6 4. O-O Bc5 5. c3 d6 6. d4 a6 7. Bxc6+ bxc6 8.
dxc5 d5 9. Nxe5 Bd7 10. exd5 Nxd5 11. Re1 O-O 12. Nxd7 Qxd7 13. c4 Nf6 14. Qxd7
Nxd7 15. b4 Rad8 16. Be3 Ne5 17. Nd2 Nd3 18. Reb1 f5 19. g3 h6 20. h4 Ne5 21.
Bf4 Ng4 22. Nb3 Rd7 23. Rd1 Re7 24. Re1 Rd7 25. Rad1 Rdf7 26. Na5 Rb8 27. a3 g6
28. Nxc6 Rbf8 29. Rd8 Rxd8 30. Nxd8 Rd7 31. Nc6 Rd3 32. Ne5 Rxa3 33. Nxg4 fxg4
34. Bxc7 Rc3 35. Re4 Rc1+ 36. Kg2 Rb1 37. Ba5 g5 38. hxg5 hxg5 39. Rxg4 Kf7 40.
Rxg5 Kf6 41. Rg4 Kf5 42. Rf4+ Ke5 43. c6 Rd1 44. c7 Rd6 45. c8=Q Re6 46. Bc7+
Rd6 47. Qf5# 1-0

[Event "Int. Stuttgarter Stadtmeisterschaft C"]
[Site "Ditzingen"]
[Date "2013.05.11"]
[Round "5.3"]
[White "Wasielewski, Kim-Luca"]
[Black "Günay, Nuri"]
[Result "1/2-1/2"]
[WhiteElo "1420"]
[BlackElo "1253"]
[PlyCount "55"]
[EventDate "2013.??.??"]
[WhiteTeam "Heilbronner SV"]
[BlackTeam "SC Gross-Sachsenheim"]

1. d4 d5 2. c4 e6 3. Nc3 Nf6 4. Bg5 Nbd7 5. Nf3 c6 6. e3 Qa5 7. a3 Ne4 8. Qc2
Nxg5 9. Nxg5 dxc4 10. Nf3 b5 11. Qd1 a6 12. a4 Bb4 13. Qc1 Bxc3+ 14. bxc3 Qc7
15. axb5 cxb5 16. Qa3 Bb7 17. Be2 Nf6 18. O-O Qe7 19. Qb2 O-O 20. Ne5 Nd5 21.
Rfc1 Rfd8 22. Rab1 Nb6 23. Nxc4 Qg5 24. g3 Na4 25. Qb4 Be4 26. Ra1 Bc6 27. Ne5
Be8 28. Bf3 1/2-1/2

[Event "Int. Stuttgarter Stadtmeisterschaft C"]
[Site "Ditzingen"]
[Date "2013.05.11"]
[Round "5.4"]
[White "Fais, Sami"]
[Black "Walliser, Pascal"]
[Result "1-0"]
[WhiteElo "1413"]
[BlackElo "1157"]
[PlyCount "73"]
[EventDate "2013.??.??"]
[WhiteTeam "VfL Sindelfingen"]
[BlackTeam "SK Sontheim/Brenz e.V."]

1. d4 d5 2. c4 e6 3. Nc3 c5 4. Nf3 Nc6 5. dxc5 Nf6 6. cxd5 exd5 7. e4 Bxc5 8.
exd5 Ne7 9. Bc4 Bb4 10. Qa4+ Bd7 11. Qxb4 O-O 12. Bg5 Ng6 13. O-O h6 14. Bxf6
Qxf6 15. Qxb7 Bg4 16. Qa6 Qf5 17. Bd3 Qh5 18. Bxg6 fxg6 19. Nd4 Rf6 20. Qb7
Raf8 21. Rae1 Bc8 22. Qxa7 R6f7 23. Re7 Qh4 24. Ne6 Rxe7 25. Qc5 Bxe6 26. dxe6
Ree8 27. f3 Rxe6 28. g3 Qe7 29. Qxe7 Rxe7 30. Rf2 Rb7 31. Kg2 Rfb8 32. b3 Rc7
33. Na4 Kf7 34. f4 Rc6 35. Nb2 Rd8 36. Nc4 Rd3 37. Ne5+ 1-0

[Event "Int. Stuttgarter Stadtmeisterschaft C"]
[Site "Ditzingen"]
[Date "2013.05.11"]
[Round "5.5"]
[White "Erben, Katrin"]
[Black "Bauer, Frank"]
[Result "0-1"]
[WhiteElo "1272"]
[BlackElo "1304"]
[PlyCount "70"]
[EventDate "2013.??.??"]
[WhiteTeam "SV Stuttgart-Wolfbusch 1956 e.V."]
[BlackTeam "SC Feuerbach e. V."]

1. e4 e5 2. Nf3 d6 3. Nc3 Nf6 4. Bc4 Be7 5. d3 O-O 6. O-O c6 7. a4 b6 8. Bg5
Nbd7 9. b4 Bb7 10. b5 Nc5 11. Bxf6 Bxf6 12. bxc6 Bxc6 13. Bd5 Rc8 14. Bxc6 Rxc6
15. Nd5 Ne6 16. c4 Kh8 17. g3 g6 18. h4 Bg7 19. Qd2 f5 20. exf5 Rxf5 21. Kg2
Qf8 22. Ng5 Nd4 23. Qd1 Qd8 24. f4 Rc8 25. h5 Rxg5 26. fxg5 Qxg5 27. Rh1 Rf8
28. Rh3 Ne6 29. hxg6 Qxg6 30. Qh5 Qxd3 31. Rd1 Qc2+ 32. Kg1 Nd4 33. Ne7 Nf3+
34. Kf1 Qxd1+ 35. Kg2 Qg1# 0-1

[Event "Int. Stuttgarter Stadtmeisterschaft C"]
[Site "Ditzingen"]
[Date "2013.05.11"]
[Round "5.6"]
[White "Giebler, Kai"]
[Black "Sax, Leon"]
[Result "1-0"]
[WhiteElo "1220"]
[BlackElo "1268"]
[PlyCount "138"]
[EventDate "2013.??.??"]
[WhiteTeam "TSF Ditzingen"]
[BlackTeam "SC Gross-Sachsenheim"]

1. e4 e6 2. d4 d5 3. Nc3 Bb4 4. exd5 exd5 5. Bd3 Ne7 6. Nge2 Nbc6 7. Bf4 Be6 8.
Qd2 a6 9. a3 Bd6 10. Bg3 Qd7 11. b4 O-O 12. O-O b5 13. Bxd6 Qxd6 14. Nd1 Bf5
15. Bxf5 Nxf5 16. c3 Qg6 17. Ng3 Rfe8 18. Nxf5 Qxf5 19. Ne3 Qg5 20. Qd3 g6 21.
f4 Qd8 22. Rae1 Re4 23. Nc2 Rxe1 24. Rxe1 Qf6 25. Rf1 Re8 26. a4 Na7 27. axb5
Nxb5 28. g3 Qc6 29. Ra1 Ra8 30. Ne3 Qxc3 31. Qxc3 Nxc3 32. Ra3 Nb5 33. Rd3 c6
34. f5 a5 35. bxa5 Rxa5 36. fxg6 hxg6 37. h4 Ra3 38. Rxa3 Nxa3 39. Kf2 f5 40.
Kf3 Kf7 41. Kf4 Kf6 42. g4 fxg4 43. Nxg4+ Kg7 44. Ne5 Nc4 45. Nxc6 Kh6 46. Ne7
Nb6 47. Ke5 Kh5 48. Nxd5 Nxd5 49. Kxd5 Kxh4 50. Ke6 g5 51. d5 g4 52. d6 g3 53.
d7 g2 54. d8=Q+ Kg3 55. Qg5+ Kf2 56. Qf4+ Kg1 57. Qf3 Kh2 58. Qf2 Kh1 59. Qh4+
Kg1 60. Ke5 Kf1 61. Qf4+ Ke2 62. Qg3 Kf1 63. Qf3+ Kg1 64. Qf4 Kh1 65. Qh4+ Kg1
66. Ke4 Kf1 67. Qf4+ Ke2 68. Qf3+ Ke1 69. Qxg2 Kd1 1-0

[Event "Int. Stuttgarter Stadtmeisterschaft C"]
[Site "Ditzingen"]
[Date "2013.05.11"]
[Round "5.8"]
[White "Leykauf, Thomas"]
[Black "Malheur, Lothar"]
[Result "0-1"]
[WhiteElo "1380"]
[BlackElo "1280"]
[PlyCount "49"]
[EventDate "2013.??.??"]
[WhiteTeam "SF HN-Biberach 1978 e.V."]
[BlackTeam "SF Birkenfeld"]

1. e4 c6 2. d4 d5 3. exd5 cxd5 4. c4 dxc4 5. Bxc4 Nf6 6. Nf3 Nbd7 7. O-O e6 8.
Nc3 Be7 9. Re1 O-O 10. Qc2 Nb6 11. Bd3 h6 12. h4 Nbd7 13. g4 Nxg4 14. Kg2 Bxh4
15. Nxh4 Qxh4 16. Rh1 Qf6 17. Ne4 Qxd4 18. Qe2 f5 19. Nd6 e5 20. Nc4 e4 21. Be3
Nxe3+ 22. fxe3 Qxd3 23. Qxd3 exd3 24. Rhd1 Rd8 25. Ne5 0-1

[Event "Int. Stuttgarter Stadtmeisterschaft C"]
[Site "Ditzingen"]
[Date "2013.05.11"]
[Round "5.9"]
[White "Stegmiller, Dennis"]
[Black "Afonso, Nils"]
[Result "1-0"]
[WhiteElo "1254"]
[BlackElo "993"]
[PlyCount "67"]
[EventDate "2013.??.??"]
[WhiteTeam "TSF Ditzingen"]
[BlackTeam "SF 59 Kornwestheim"]

1. c4 e5 2. Nc3 c5 3. Nf3 Nc6 4. g3 d6 5. Bg2 Nf6 6. d3 g6 7. O-O Bg7 8. Rb1
O-O 9. Nd2 Nd4 10. a3 a5 11. e3 Bg4 12. f3 Nf5 13. Qe2 Nxg3 14. hxg3 Be6 15. f4
Nh5 16. Nde4 exf4 17. exf4 Nf6 18. Bd2 Nxe4 19. Bxe4 Re8 20. Rf2 Bf5 21. Qf3
Bxe4 22. Nxe4 d5 23. cxd5 Qxd5 24. Nf6+ Bxf6 25. Qxd5 Bd4 26. Re1 Bxf2+ 27.
Kxf2 Rxe1 28. Bxe1 b6 29. Qxa8+ Kg7 30. Bc3+ f6 31. Qb7+ Kh6 32. Bxf6 Kh5 33.
Kf3 g5 34. Qxh7# 1-0

[Event "Int. Stuttgarter Stadtmeisterschaft C"]
[Site "Ditzingen"]
[Date "2013.05.11"]
[Round "5.10"]
[White "Stecher, Oliver"]
[Black "Reichmann, Bernd"]
[Result "1-0"]
[WhiteElo "1146"]
[BlackElo "1137"]
[PlyCount "67"]
[EventDate "2013.??.??"]
[WhiteTeam "SSV Zuffenhausen"]
[BlackTeam "SV Fellbach"]

1. e4 e5 2. Nf3 Nc6 3. Bc4 Bc5 4. Nc3 Nf6 5. O-O d6 6. h3 h6 7. d3 a6 8. Re1
O-O 9. Ne2 Re8 10. c3 Be6 11. Bxe6 Rxe6 12. Ng3 Qc8 13. Re2 Nh7 14. d4 exd4 15.
cxd4 Bb6 16. d5 Rg6 17. dxc6 bxc6 18. Nh4 Rxg3 19. Kh2 Rg6 20. Nxg6 fxg6 21.
Qb3+ Kh8 22. Qc3 Qd7 23. Bd2 g5 24. f3 Re8 25. Rae1 c5 26. Qd3 a5 27. e5 d5 28.
e6 Qc6 29. e7 Qd6+ 30. g3 Nf6 31. Qf5 Qd7 32. Re6 d4 33. Rxf6 Qxf5 34. Rxf5 1-0

[Event "Int. Stuttgarter Stadtmeisterschaft C"]
[Site "Ditzingen"]
[Date "2013.05.11"]
[Round "5.11"]
[White "Jelisavac, Nenad"]
[Black "Haug, Tim"]
[Result "1-0"]
[WhiteElo "1390"]
[BlackElo "1034"]
[PlyCount "49"]
[EventDate "2013.??.??"]
[WhiteTeam "SK Sieker Bielefeld"]
[BlackTeam "VfL Sindelfingen"]

1. d4 Nf6 2. c4 g6 3. Nc3 Bg7 4. e4 d6 5. Nf3 O-O 6. h3 e5 7. d5 c6 8. Be3 Nbd7
9. Be2 Qc7 10. Qd2 b6 11. O-O Bb7 12. Ne1 Kh8 13. Nd3 Ng8 14. f4 Ne7 15. fxe5
dxe5 16. Rad1 f5 17. dxc6 Bxc6 18. Nb4 Rad8 19. Qd6 Qxd6 20. Rxd6 Bxe4 21. Nxe4
fxe4 22. Rfd1 Nf5 23. Rxd7 Nxe3 24. Rxd8 Nxd1 25. Rxd1 1-0

[Event "Int. Stuttgarter Stadtmeisterschaft C"]
[Site "Ditzingen"]
[Date "2013.05.11"]
[Round "5.12"]
[White "Albert, Rafael Edwin"]
[Black "Klein, Werner"]
[Result "1-0"]
[WhiteElo "1182"]
[BlackElo "1043"]
[PlyCount "77"]
[EventDate "2013.??.??"]
[WhiteTeam "SF 59 Kornwestheim"]
[BlackTeam "SV Stuttgart-Wolfbusch 1956 e.V."]

1. e4 e5 2. Nc3 Nf6 3. f4 d6 4. Nf3 Bg4 5. Bc4 Be7 6. d3 O-O 7. h3 Bxf3 8. Qxf3
Nc6 9. Be3 Na5 10. O-O-O Nxc4 11. dxc4 Nd7 12. Kb1 c6 13. c5 Qc7 14. cxd6 Bxd6
15. g3 b6 16. Rd3 Nc5 17. Rd2 Rad8 18. Rhd1 Nb7 19. Qg4 Qd7 20. Qxd7 Rxd7 21.
fxe5 Rfd8 22. exd6 Na5 23. b3 Kf8 24. Na4 f6 25. Kb2 Kf7 26. c4 c5 27. Nc3 g5
28. Nb5 a6 29. Nc7 Nc6 30. a3 Nd4 31. Bxd4 Rxd6 32. Be3 Ke7 33. Rxd6 Rxd6 34.
Rxd6 Kxd6 35. Nd5 b5 36. Nxf6 h6 37. cxb5 axb5 38. Ng4 h5 39. Nf2 1-0

[Event "Int. Stuttgarter Stadtmeisterschaft C"]
[Site "Ditzingen"]
[Date "2013.05.11"]
[Round "5.13"]
[White "Zacke, Tamara"]
[Black "Hauger, Albrecht"]
[Result "1/2-1/2"]
[WhiteElo "1118"]
[BlackElo "1018"]
[PlyCount "36"]
[EventDate "2013.??.??"]
[WhiteTeam "SV Stuttgart-Wolfbusch 1956 e.V."]
[BlackTeam "SC Schachmatt Botnang"]

1. e4 c5 2. Bc4 e6 3. Nc3 Nc6 4. d3 Nf6 5. f4 d6 6. Nf3 g6 7. O-O Bg7 8. f5
exf5 9. exf5 d5 10. Re1+ Ne7 11. Bb5+ Bd7 12. Bxd7+ Qxd7 13. fxg6 fxg6 14. Bg5
O-O 15. Ne5 Qc7 16. Qe2 Rfe8 17. Qf3 Rf8 18. Qh3 Nf5 1/2-1/2

[Event "Int. Stuttgarter Stadtmeisterschaft C"]
[Site "Ditzingen"]
[Date "2013.05.11"]
[Round "5.14"]
[White "Spasovski, Dusan"]
[Black "Leutschaft, Jonathan"]
[Result "1-0"]
[WhiteElo "1111"]
[BlackElo "741"]
[PlyCount "109"]
[EventDate "2013.??.??"]
[WhiteTeam "VfL Sindelfingen"]
[BlackTeam "SF 59 Kornwestheim"]

1. e4 e5 2. Nf3 Nc6 3. Bb5 Bc5 4. c3 Nge7 5. d4 exd4 6. cxd4 Bb4+ 7. Nc3 O-O 8.
O-O d6 9. Ba4 h6 10. Qd3 Bg4 11. Bc2 Bxc3 12. e5 Bf5 13. Qxc3 Bxc2 14. Qxc2
dxe5 15. dxe5 Re8 16. Qb3 b6 17. e6 fxe6 18. Qxe6+ Kh8 19. Nh4 Nd4 20. Qh3 Ne2+
21. Kh1 Rf8 22. Qg4 Nd4 23. Bd2 c5 24. Bc3 Rf7 25. Rad1 Nec6 26. Qe4 Rc8 27.
Rfe1 Qc7 28. Re3 Rxf2 29. Kg1 Rff8 30. Ng6+ Kg8 31. Nxf8 Rxf8 32. Qd5+ Kh8 33.
h3 Nf5 34. Rf3 Nce7 35. Qd7 Qb8 36. Rdf1 Qc8 37. Qxe7 Nxe7 38. Rxf8+ Qxf8 39.
Rxf8+ Kh7 40. Rf7 Nc6 41. Rxg7+ Kh8 42. Rc7+ Kg8 43. Rxc6 Kh7 44. Kf2 Kg8 45.
Rc7 Kf8 46. Kf3 c4 47. Kf4 b5 48. Kf5 h5 49. Kf6 Ke8 50. Ke6 Kf8 51. Rxa7 h4
52. Bb4+ Kg8 53. Kf6 Kh8 54. Kg6 Kg8 55. Ra8# 1-0

[Event "Int. Stuttgarter Stadtmeisterschaft C"]
[Site "Ditzingen"]
[Date "2013.05.11"]
[Round "5.15"]
[White "Jüttner, Dennis"]
[Black "Dallinger, Frank"]
[Result "1/2-1/2"]
[WhiteElo "1064"]
[BlackElo "1105"]
[PlyCount "113"]
[EventDate "2013.??.??"]
[WhiteTeam "SpVgg Rommelshausen"]
[BlackTeam "SV Stuttgart-Wolfbusch 1956 e.V."]

1. e4 c5 2. c3 d5 3. exd5 Qxd5 4. d4 a6 5. Be2 Nf6 6. Bf3 Qd6 7. Ne2 e6 8. O-O
Qc7 9. Bf4 Bd6 10. Bxd6 Qxd6 11. dxc5 Qxc5 12. Qd4 Qb5 13. b4 O-O 14. Na3 Qf5
15. Ng3 e5 16. Qe3 Qf4 17. Qxf4 exf4 18. Ne2 a5 19. Nc4 axb4 20. cxb4 Ra4 21.
a3 Be6 22. Nd6 Bg4 23. Bxg4 Nxg4 24. Nxf4 Ne5 25. Rfe1 g5 26. Rxe5 gxf4 27.
Nxb7 Nc6 28. Rg5+ Kh8 29. Nd6 Nxb4 30. Re1 h6 31. Rg4 Rxa3 32. Rxf4 Nd3 33. Rf3
Rfa8 34. Rd1 R8a6 35. Nc4 Rc3 36. h3 Rc6 37. Na5 R6c5 38. Rdxd3 Rxd3 39. Rxd3
Rxa5 40. g3 Kg7 41. h4 Kg6 42. Kg2 Ra4 43. Rd6+ f6 44. Rd5 h5 45. Rd8 f5 46.
Rg8+ Kh6 47. Rg5 f4 48. gxf4 Rxf4 49. f3 Rxh4 50. Rg8 Kh7 51. Kg3 Rh1 52. Kg2
Kxg8 53. Kxh1 Kg7 54. Kh2 Kg6 55. Kh3 Kg5 56. f4+ Kxf4 57. Kh4 1/2-1/2

[Event "Int. Stuttgarter Stadtmeisterschaft C"]
[Site "Ditzingen"]
[Date "2013.05.11"]
[Round "5.19"]
[White "Mackeprang, Jelena"]
[Black "Pillin, Josef"]
[Result "1-0"]
[WhiteElo "1094"]
[BlackElo "828"]
[PlyCount "83"]
[EventDate "2013.??.??"]
[WhiteTeam "SK Schmiden/Cannstatt"]
[BlackTeam "SSV Zuffenhausen"]

1. e4 e6 2. d4 d5 3. exd5 exd5 4. Nc3 Bb4 5. Bd2 Nf6 6. Qe2+ Ne4 7. Nxe4 Qe7 8.
Bxb4 Qxb4+ 9. Nc3+ Be6 10. Qb5+ Nc6 11. Qxb4 Nxb4 12. O-O-O O-O-O 13. a3 Nc6
14. Nf3 Rhe8 15. Ne5 Nxe5 16. dxe5 a6 17. Be2 f5 18. exf6 d4 19. Ne4 Bf5 20.
Ng3 g6 21. Nxf5 Rxe2 22. Ng3 Rxf2 23. Rhf1 Rxg2 24. f7 Rf8 25. Rxd4 Kb8 26. Re4
Rxf7 27. Rxf7 h5 28. Re2 Rg1+ 29. Rf1 Rxg3 30. hxg3 g5 31. Rf5 h4 32. gxh4 gxh4
33. Rh5 c6 34. Rxh4 Ka7 35. Kd2 b5 36. b3 Kb6 37. c4 bxc4 38. Rxc4 c5 39. Re5
a5 40. Rexc5 Ka6 41. Rh4 Kb6 42. Rg5 1-0

[Event "Int. Stuttgarter Stadtmeisterschaft C"]
[Site "Ditzingen"]
[Date "2013.05.11"]
[Round "5.20"]
[White "Fischer, Robert"]
[Black "Grimm, Ferdinand"]
[Result "1/2-1/2"]
[WhiteElo "1013"]
[BlackElo "842"]
[PlyCount "122"]
[EventDate "2013.??.??"]
[WhiteTeam "TSG Steinheim"]
[BlackTeam "SC Gross-Sachsenheim"]

1. e4 d5 2. exd5 Qxd5 3. Nc3 Qa5 4. d4 Nf6 5. Bd2 c6 6. Ne4 Qd8 7. Nxf6+ exf6
8. Nf3 Bf5 9. Qe2+ Qe7 10. Qxe7+ Bxe7 11. O-O-O O-O 12. Re1 Bd6 13. Bc4 Nd7 14.
Nh4 Nb6 15. Nxf5 Nxc4 16. b3 Ba3+ 17. Kd1 Nb2+ 18. Ke2 Rfe8+ 19. Ne3 Rad8 20.
c3 Re4 21. Rb1 f5 22. Bc1 f4 23. Bxb2 Bxb2 24. Rxb2 fxe3 25. fxe3 Rde8 26. Kd3
Rxe3+ 27. Kc4 b5+ 28. Kc5 Rxc3+ 29. Kb4 Rd3 30. Kc5 Rb8 31. Re1 Kf8 32. Rbe2 a5
33. Re3 Rxe3 34. Rxe3 Rc8 35. Kb6 a4 36. bxa4 bxa4 37. Rc3 Rb8+ 38. Kc7 Rb2 39.
a3 Rxg2 40. h3 Rd2 41. Rc4 Rd3 42. Rxa4 Rxh3 43. Kxc6 Rd3 44. d5 Ke7 45. Re4+
Kd8 46. d6 Rxa3 47. Rb4 Ra6+ 48. Kd5 h5 49. Rb8+ Kd7 50. Rb7+ Kc8 51. Rxf7 Ra5+
52. Ke6 Ra1 53. Rxg7 Re1+ 54. Kf5 Rf1+ 55. Ke4 Re1+ 56. Kf3 Rd1 57. Rg8+ Kd7
58. Rh8 Rd5 59. Ke4 Rxd6 60. Rxh5 Re6+ 61. Kf5 Rd6 1/2-1/2

[Event "Int. Stuttgarter Stadtmeisterschaft C"]
[Site "Ditzingen"]
[Date "2013.05.11"]
[Round "5.21"]
[White "Lehmann, Felix"]
[Black "Ustaosman, Hasan"]
[Result "1/2-1/2"]
[WhiteElo "775"]
[BlackElo "976"]
[PlyCount "31"]
[EventDate "2013.??.??"]
[WhiteTeam "SF Freiberg"]
[BlackTeam "TSG Steinheim"]

1. d4 d5 2. Nf3 Nc6 3. Nc3 Nf6 4. Bf4 e6 5. e3 Bb4 6. Bd3 Ne4 7. Bxe4 dxe4 8.
Ne5 Nxe5 9. Bxe5 O-O 10. O-O Bxc3 11. bxc3 c6 12. Rb1 Qg5 13. g3 f5 14. Qd2 Qg4
15. Qd1 Qh3 16. Kh1 1/2-1/2

[Event "Int. Stuttgarter Stadtmeisterschaft C"]
[Site "Ditzingen"]
[Date "2013.05.11"]
[Round "5.23"]
[White "Günther, Niclas"]
[Black "Mirosenski, Roman"]
[Result "1-0"]
[WhiteElo "728"]
[BlackElo "896"]
[PlyCount "161"]
[EventDate "2013.??.??"]
[WhiteTeam "SF Freiberg"]
[BlackTeam "SF Deizisau"]

1. e4 c5 2. Bc4 d6 3. Qf3 e6 4. Bb5+ Nc6 5. d3 Nge7 6. Bf4 Qa5+ 7. Nc3 e5 8.
Be3 Bd7 9. Nge2 Ng6 10. Bc4 Be6 11. Bxe6 fxe6 12. O-O O-O-O 13. Qg4 Kb8 14.
Qxe6 Be7 15. Nd5 Rhe8 16. Qf7 Bf6 17. Nxf6 Re7 18. Qc4 gxf6 19. Qd5 Nb4 20. Qb3
d5 21. Bd2 Re6 22. a3 Ra6 23. axb4 Qb5 24. exd5 Rxa1 25. Rxa1 cxb4 26. Bxb4
Rxd5 27. Nc3 Rxd3 28. Nxb5 Rxb3 29. cxb3 a6 30. Bd6+ Kc8 31. Rc1+ Kd7 32. Rc7+
Ke6 33. Rxh7 axb5 34. Bc5 Nf4 35. Re7+ Kd5 36. b4 Nd3 37. h4 Nf4 38. g3 Ng6 39.
Rg7 Nh8 40. g4 Ke6 41. Re7+ Kd5 42. Rxb7 Kc6 43. Rb8 Nf7 44. h5 Kc7 45. Rxb5
Nh6 46. f3 e4 47. Kf2 f5 48. gxf5 e3+ 49. Bxe3 Kc6 50. Rc5+ Kd6 51. b5 Nxf5 52.
Bf4+ Kxc5 53. h6 Ne7 54. h7 Ng6 55. Be5 Kxb5 56. h8=Q Nxh8 57. Bxh8 Kc6 58. f4
Kd7 59. b4 Ke6 60. b5 Kd6 61. Bd4 Kd5 62. Ke3 Ke6 63. b6 Kd7 64. f5 Kd8 65. f6
Kd7 66. b7 Kc7 67. f7 Kxb7 68. f8=Q Kc7 69. Bh8 Kd7 70. Ke4 Kc6 71. Qf5 Kd6 72.
Qe5+ Kc6 73. Qd5+ Kc7 74. Ke5 Kc8 75. Ke6 Kb8 76. Kd6 Kc8 77. Qc6+ Kb8 78. Kd7
Ka7 79. Qb5 Ka8 80. Kc7 Ka7 81. Qb7# 1-0

[Event "Int. Stuttgarter Stadtmeisterschaft C"]
[Site "Ditzingen"]
[Date "2013.05.11"]
[Round "5.24"]
[White "Reichardt, Felix  Alexander"]
[Black "Aksit, Ali Tayyib"]
[Result "1/2-1/2"]
[WhiteElo "690"]
[BlackElo "742"]
[PlyCount "28"]
[EventDate "2013.??.??"]
[WhiteTeam "SF Markgräflerland e."]
[BlackTeam "SF Freiberg"]

1. Nf3 Nc6 2. d4 d5 3. Nc3 Nf6 4. e3 Bf5 5. Be2 Nb4 6. O-O e6 7. Bd3 Nxd3 8.
cxd3 c6 9. Re1 Bd6 10. e4 dxe4 11. dxe4 Ng4 12. exf5 Qh4 13. Nxh4 Bxh2+ 14. Kf1
Rd8 1/2-1/2

[Event "Int. Stuttgarter Stadtmeisterschaft C"]
[Site "Ditzingen"]
[Date "2013.05.11"]
[Round "6.1"]
[White "Schwarz, Manuel"]
[Black "Giebler, Kai"]
[Result "1-0"]
[WhiteElo "1200"]
[BlackElo "1220"]
[PlyCount "109"]
[EventDate "2013.??.??"]
[WhiteTeam "SVG Vaihingen/Enz"]
[BlackTeam "TSF Ditzingen"]

1. Nf3 Nc6 2. g3 e5 3. d3 Nf6 4. e4 Bc5 5. Bg2 d6 6. O-O Bg4 7. c3 Qd7 8. Re1
h5 9. h4 g6 10. a4 a5 11. Nbd2 Bb6 12. Nc4 Bc5 13. Qc2 Nh7 14. Be3 Bxe3 15.
Nxe3 Be6 16. d4 exd4 17. Nxd4 Nxd4 18. cxd4 f6 19. e5 O-O-O 20. d5 Bf5 21. Nxf5
Qxf5 22. Qxf5+ gxf5 23. e6 Rde8 24. Rac1 Rhg8 25. Rc4 Nf8 26. Bh3 Ng6 27. Bxf5
Ne5 28. Rc3 c6 29. Rec1 Kc7 30. f4 Ng6 31. Kf2 Ne7 32. Be4 Kb8 33. dxc6 bxc6
34. Bxc6 Nxc6 35. Rxc6 Rxe6 36. Ra6 Re4 37. Rxa5 Rb4 38. Rb5+ Rxb5 39. axb5 Kb7
40. Rc6 Rc8 41. Rxc8 Kxc8 42. Ke3 Kc7 43. Kd4 f5 44. Kd5 Kd7 45. b6 Ke7 46. b7
Kf7 47. b8=Q Kg7 48. Qxd6 Kf7 49. Qd7+ Kg6 50. Qe6+ Kg7 51. Qxf5 Kh8 52. Qg5
Kh7 53. Ke6 Kh8 54. Kf6 Kh7 55. Qg7# 1-0

[Event "Int. Stuttgarter Stadtmeisterschaft C"]
[Site "Ditzingen"]
[Date "2013.05.11"]
[Round "6.2"]
[White "Bauer, Frank"]
[Black "Thomas, Leonhard"]
[Result "1-0"]
[WhiteElo "1304"]
[BlackElo "1445"]
[PlyCount "51"]
[EventDate "2013.??.??"]
[WhiteTeam "SC Feuerbach e. V."]
[BlackTeam "SV Fellbach"]

1. d4 Nf6 2. c4 d5 3. Nf3 dxc4 4. g3 b6 5. Bg2 Bb7 6. O-O e6 7. Nc3 Bb4 8. Qa4+
Nc6 9. Ne5 Bxc3 10. bxc3 Nd5 11. Ba3 f6 12. Nxc6 Qd7 13. Qxc4 Bxc6 14. e4 Bb5
15. Qb3 Bxf1 16. Bxf1 Ne7 17. Bh3 Kf8 18. Bxe6 Qd8 19. d5 c5 20. dxc6 Qc7 21.
Bd7 g6 22. Rd1 Rd8 23. Bd6 Rxd7 24. Bxc7 Rxc7 25. Qe6 Rxc6 26. Rd8+ 1-0

[Event "Int. Stuttgarter Stadtmeisterschaft C"]
[Site "Ditzingen"]
[Date "2013.05.11"]
[Round "6.3"]
[White "Fink, Konstantin"]
[Black "Fais, Sami"]
[Result "1-0"]
[WhiteElo "1289"]
[BlackElo "1413"]
[PlyCount "67"]
[EventDate "2013.??.??"]
[WhiteTeam "SC Lechhausen"]
[BlackTeam "VfL Sindelfingen"]

1. e4 c5 2. Nf3 d6 3. d4 cxd4 4. Nxd4 Nf6 5. Nc3 a6 6. Bg5 e5 7. Nb3 Be7 8. Qd2
h6 9. Be3 b5 10. Bd3 Bb7 11. Nd5 Bxd5 12. exd5 Ng4 13. O-O Nxe3 14. fxe3 O-O
15. Rf3 Qb6 16. Raf1 a5 17. Qf2 f6 18. Qg3 f5 19. Bxf5 Rxf5 20. Rxf5 Na6 21.
Rf7 Bg5 22. Kh1 Qxe3 23. Qxe3 Bxe3 24. Nxa5 Nc5 25. Nc6 Rxa2 26. Ne7+ Kh8 27.
Nf5 Bg5 28. Nxg7 Rxb2 29. Ne6 Ne4 30. Rc7 Nf2+ 31. Kg1 Be3 32. g3 Nh3+ 33. Kg2
Nf2 34. Ra1 1-0

[Event "Int. Stuttgarter Stadtmeisterschaft C"]
[Site "Ditzingen"]
[Date "2013.05.11"]
[Round "6.4"]
[White "Jüttner, Mark"]
[Black "Wasielewski, Kim-Luca"]
[Result "0-1"]
[WhiteElo "1376"]
[BlackElo "1420"]
[PlyCount "86"]
[EventDate "2013.??.??"]
[WhiteTeam "SpVgg Rommelshausen"]
[BlackTeam "Heilbronner SV"]

1. f4 d5 2. Nf3 Nc6 3. e3 Nf6 4. Bb5 a6 5. Bxc6+ bxc6 6. Ne5 Bd7 7. b3 e6 8.
Bb2 Be7 9. d3 O-O 10. O-O Bc5 11. Qf3 Qe7 12. Qg3 Rad8 13. Nd2 Nh5 14. Qh3 Nf6
15. Rae1 Rfe8 16. Rf3 Ba3 17. Ba1 c5 18. Rg3 Bb4 19. Rd1 Bb5 20. a4 Bd7 21. Qh4
Kh8 22. Rh3 h6 23. Ndf3 Ng8 24. Ng5 f6 25. Ngf7+ Kh7 26. Nxd8 Qxd8 27. Ng4 d4
28. exd4 cxd4 29. Bxd4 Be7 30. Qg3 Bb4 31. Qe3 e5 32. fxe5 Bxg4 33. Rg3 Bxd1
34. c3 Bd6 35. Qe4+ Kh8 36. Qg6 Qe7 37. Re3 Bxe5 38. Bxe5 fxe5 39. Re1 Bxb3 40.
c4 Bxa4 41. Rf1 Rf8 42. Re1 Qf6 43. Qg4 Qf2+ 0-1

[Event "Int. Stuttgarter Stadtmeisterschaft C"]
[Site "Ditzingen"]
[Date "2013.05.11"]
[Round "6.6"]
[White "Günay, Nuri"]
[Black "Stecher, Oliver"]
[Result "1-0"]
[WhiteElo "1253"]
[BlackElo "1146"]
[PlyCount "69"]
[EventDate "2013.??.??"]
[WhiteTeam "SC Gross-Sachsenheim"]
[BlackTeam "SSV Zuffenhausen"]

1. d4 d5 2. Nc3 Nf6 3. Bg5 e6 4. a3 Be7 5. Nf3 Nbd7 6. e3 c6 7. Bd3 Qc7 8. O-O
O-O 9. Re1 c5 10. e4 c4 11. Bf1 Nb6 12. exd5 exd5 13. a4 Be6 14. g3 h6 15. Bf4
Bd6 16. Nb5 Bxf4 17. Nxc7 Bxc7 18. Bg2 Rae8 19. c3 Re7 20. b3 Rfe8 21. a5 Nc8
22. bxc4 dxc4 23. Ne5 Bg4 24. Nxg4 Rxe1+ 25. Qxe1 Rxe1+ 26. Rxe1 Nxg4 27. Re8+
Kh7 28. Rxc8 Bxa5 29. Rxc4 Nf6 30. Bxb7 Ne8 31. Be4+ g6 32. Rc6 Nc7 33. d5 Kg7
34. d6 Nb5 35. d7 1-0

[Event "Int. Stuttgarter Stadtmeisterschaft C"]
[Site "Ditzingen"]
[Date "2013.05.11"]
[Round "6.7"]
[White "Jelisavac, Nenad"]
[Black "Stegmiller, Dennis"]
[Result "1-0"]
[WhiteElo "1390"]
[BlackElo "1254"]
[PlyCount "120"]
[EventDate "2013.??.??"]
[WhiteTeam "SK Sieker Bielefeld"]
[BlackTeam "TSF Ditzingen"]

1. Nf3 Nf6 2. d4 g6 3. g3 Bg7 4. Bg2 d6 5. O-O O-O 6. c4 Nbd7 7. Nc3 c5 8. e3
Nb6 9. b3 Bd7 10. Bb2 Qc8 11. Qe2 Bh3 12. d5 Bxg2 13. Kxg2 e6 14. e4 exd5 15.
cxd5 Re8 16. Qc2 Nxe4 17. Nxe4 Bxb2 18. Nxd6 Qd8 19. Nxb7 Qc7 20. Qxb2 Qxb7 21.
d6 Rad8 22. Rad1 Qc6 23. Qf6 Rd7 24. Kg1 Re6 25. Qf4 Rexd6 26. Rxd6 Qxd6 27.
Qxd6 Rxd6 28. Rc1 Rd5 29. Rc2 Kg7 30. Nd2 f5 31. Nc4 Nxc4 32. Rxc4 Kf6 33. Kg2
g5 34. h3 h5 35. Ra4 Rd7 36. Ra5 Rc7 37. Kf3 Ke5 38. Ke3 Kd6 39. Ra6+ Kd5 40.
Rh6 f4+ 41. gxf4 gxf4+ 42. Kxf4 Rf7+ 43. Ke3 Re7+ 44. Kd3 Rf7 45. Rxh5+ Kc6 46.
Ke3 Re7+ 47. Kf3 Rf7+ 48. Kg2 Rg7+ 49. Kf1 Rd7 50. Re5 Rd2 51. Re2 Rd1+ 52. Kg2
Rd6 53. f4 Rg6+ 54. Kf3 Rh6 55. Kg4 Rg6+ 56. Kf5 Rh6 57. Re6+ Rxe6 58. Kxe6 Kc7
59. Ke7 Kc8 60. f5 Kc7 1-0

[Event "Int. Stuttgarter Stadtmeisterschaft C"]
[Site "Ditzingen"]
[Date "2013.05.11"]
[Round "6.8"]
[White "Spasovski, Dusan"]
[Black "Erben, Katrin"]
[Result "0-1"]
[WhiteElo "1111"]
[BlackElo "1272"]
[PlyCount "30"]
[EventDate "2013.??.??"]
[WhiteTeam "VfL Sindelfingen"]
[BlackTeam "SV Stuttgart-Wolfbusch 1956 e.V."]

1. e4 e5 2. Nf3 Nc6 3. Bb5 Bc5 4. O-O Nf6 5. Re1 Ng4 6. Nd4 Nxf2 7. Kxf2 Nxd4
8. Kf1 Qf6+ 9. Kg1 Nxb5+ 10. Kh1 d6 11. d3 Qh4 12. Rf1 Bg4 13. Qd2 Nd4 14. Nc3
Bb4 15. Qe3 Nxc2 0-1